[Event "Turkish Super League 2019"]
[Site "Konya"]
[Date "2019.07.24"]
[Round "8"]
[White "Quparadze, Giga"]
[Black "Yilmaz, Mustafa"]
[Result "1/2-1/2"]
[WhiteElo "2499"]
[BlackElo "2618"]
[Annotator "TA"]
[PlyCount "35"]
[EventDate "2019.07.17"]
[EventType "team-tourn"]
[EventCountry "TUR"]
[SourceTitle "playchess.com"]
[Source "ChessBase"]
[SourceQuality "1"]

{[%evp 18,35,9,0,0,-13,0,0,0,0,0,-2,0,0,0,-18,0,0,0,-11]} 1. e4 c5 2. Nf3 d6 3. d4 cxd4 4. Nxd4 Nf6 5. Nc3 a6 6. Be2 e5 7. Nb3 Be7 8. O-O O-O 9. Kh1 Nc6 10. f4 {The position is equal.} b5 {B92: Sicilian Najdorf: 6 Be2} 11. Be3 Bb7 12. a4 exf4 13. Rxf4 Ne5 14. Qd4 Nc6 15. Qd2 Ne5 16. Qd4 Nc6 17. Qd2 Ne5 {[#]} 18. Qd4 $146 ({Predecessor:} 18. axb5 axb5 {0-1 (66) Carlsen,M (2814)-Nepomniachtchi,I (2733) Wijk aan Zee 2011}) 1/2-1/2

[Event "Turkish Super League 2019"]
[Site "Konya"]
[Date "2019.07.24"]
[Round "8"]
[White "Atalik, Ekaterina"]
[Black "Injac, Teodora"]
[Result "1-0"]
[WhiteElo "2459"]
[BlackElo "2305"]
[Annotator "ChessBase"]
[PlyCount "27"]
[EventDate "2019.07.17"]
[EventType "team-tourn"]
[EventCountry "TUR"]
[SourceTitle "playchess.com"]
[Source "ChessBase"]
[SourceQuality "1"]
[TimeControl "40/5400+30:1800+30"]

1. Nf3 Nf6 2. b3 g6 3. Bb2 Bg7 4. g3 O-O 5. Bg2 d6 6. d4 a5 7. O-O a4 8. c4 Nc6 9. d5 Na5 10. Nbd2 c5 11. e4 a3 12. Bc3 b5 13. cxb5 Bd7 14. Re1 1-0

[Event "Turkish Super League 2019"]
[Site "Konya"]
[Date "2019.07.24"]
[Round "8"]
[White "Haznedaroglu, Kivanc"]
[Black "Ertan, Can"]
[Result "0-1"]
[WhiteElo "2448"]
[BlackElo "2396"]
[Annotator "NA"]
[PlyCount "108"]
[EventDate "2019.07.17"]
[EventType "team-tourn"]
[EventCountry "TUR"]
[SourceTitle "playchess.com"]
[Source "ChessBase"]
[SourceQuality "1"]
[TimeControl "40/5400+30:1800+30"]

1. c4 e5 2. Nc3 Nf6 3. g3 Bc5 4. Bg2 c6 5. d3 d5 6. cxd5 Nxd5 7. Nf3 Nd7 8. O-O N5f6 9. Rb1 Qe7 10. a3 a5 11. Bg5 h6 12. Bd2 O-O 13. Nh4 Rd8 14. Nf5 {[%emt 1:06:00]} Qe6 {[%emt 1:21:26]} 15. Bh3 {[%emt 0:00:30]} Kh8 {[%emt 0:00:30]} 16. b4 {[%emt 0:00:30]} Bd4 {[%emt 0:00:30]} 17. Nxh6 {[%emt 0:00:30]} Qxh3 {[%emt 0:00:30]} 18. Nxf7+ {[%emt 0:00:30]} Kg8 {[%emt 0:00:30]} 19. Qb3 {[%emt 0:00:30]} Kf8 {[%emt 0:00:30]} 20. Ng5 {[%emt 0:00:30]} Qh5 {[%emt 0:00:30]} 21. Ne6+ {[%emt 0:00:30]} Ke7 {[%emt 0:00:30]} 22. Nxg7 {[%emt 0:00:30]} Qh3 {[%emt 0:00:30]} 23. Bg5 {[%emt 0:00:30]} Rh8 {[%emt 0:00:30]} 24. Bh4 {[%emt 0:00:30]} Qg4 {[%emt 0:00:30]} 25. Kh1 {[%emt 0:00:30]} Qxg7 {[%emt 0:00:30]} 26. Ne4 {[%emt 0:00:30]} Rxh4 {[%emt 0:00:30]} 27. gxh4 {[%emt 0:00:30]} Nxe4 {[%emt 0:00:30]} 28. dxe4 {[%emt 0:00:30]} Nf6 {[%emt 0:00:30]} 29. e3 {[%emt 0:00:30]} Be6 {[%emt 0:00:30]} 30. Qc2 {[%emt 0:00:30]} Rg8 {[%emt 0:00:30]} 31. Rg1 {[%emt 0:00:30]} Bg4 {[%emt 0:00:30]} 32. Rg3 {[%emt 0:00:30]} Bf3+ {[%emt 0:00:30]} 33. Kg1 {[%emt 0:00:30]} Bxe4 {[%emt 0:00:30]} 34. Qc1 {[%emt 0:00:30]} Qh7 {[%emt 0:00:30]} 35. exd4 {[%emt 0:00:30]} Rxg3+ {[%emt 0:00:30]} 36. hxg3 {[%emt 0:00:30]} Bxb1 {[%emt 0:00:30]} 37. Qc5+ {[%emt 0:00:30]} Ke8 {[%emt 0:00:30]} 38. dxe5 {[%emt 0:00:30]} Nd7 {[%emt 0:00:30]} 39. Qc4 {[%emt 0:00:30]} Nxe5 {[%emt 0:00:30]} 40. Qe6+ {[%emt 0:00:30]} Qe7 {[%emt 0:00:30]} 41. Qg8+ {[%emt 0:30:30]} Kd7 {[%emt 0:00:04]} 42. Qb8 {[%emt 0:00:00]} axb4 {[%emt 0:03:30]} 43. Qxb7+ {[%emt 0:00:00]} Ke6 {[%emt 0:00:30]} 44. Qc8+ {[%emt 0:00:00]} Kf7 {[%emt 0:00:00]} 45. axb4 {[%emt 0:00:00]} Qxb4 {[%emt 0:00:00]} 46. Qc7+ {[%emt 0:00:00]} Qe7 {[%emt 0:00:30]} 47. Qa5 {[%emt 0:00:00]} Be4 {[%emt 0:00:30]} 48. f4 {[%emt 0:00:00]} Nf3+ {[%emt 0:00:30]} 49. Kf2 {[%emt 0:00:00]} Bd5 {[%emt 0:00:30]} 50. h5 {[%emt 0:00:00]} Qb7 {[%emt 0:00:30]} 51. Qc3 {[%emt 0:00:00]} Qb6+ {[%emt 0:06:30]} 52. Ke2 {[%emt 0:00:00]} Ng1+ {[%emt 0:00:30]} 53. Ke1 {[%emt 0:00:00]} Qb1+ {[%emt 0:00:30]} 54. Kd2 {[%emt 0:00:00]} Qa2+ {[%emt 0:00:00]} 0-1

[Event "Turkish Super League 2019"]
[Site "Konya"]
[Date "2019.07.24"]
[Round "8"]
[White "Soysal, Serkan"]
[Black "Selbes, Tarik"]
[Result "1-0"]
[WhiteElo "2431"]
[BlackElo "2342"]
[Annotator "NA"]
[PlyCount "39"]
[EventDate "2019.07.17"]
[EventType "team-tourn"]
[EventCountry "TUR"]
[SourceTitle "playchess.com"]
[Source "ChessBase"]
[SourceQuality "1"]
[TimeControl "40/5400+30:1800+30"]

1. Nf3 Nf6 2. d4 g6 3. g3 Bg7 4. Bg2 O-O 5. O-O d6 6. a4 a5 7. Nc3 d5 8. Re1 Ne4 9. Nxe4 dxe4 10. Ng5 Bxd4 11. Nxe4 Na6 12. c3 Bg7 13. Qb3 Rb8 14. Bg5 Be6 15. Qa3 f6 16. Bf4 g5 17. Be3 h6 18. Red1 Qe8 19. Nc5 Nxc5 20. Qxc5 1-0

[Event "Turkish Super League 2019"]
[Site "Konya"]
[Date "2019.07.24"]
[Round "8"]
[White "Ozen, Deniz"]
[Black "Ozer, Omer Faruk"]
[Result "1/2-1/2"]
[WhiteElo "2430"]
[BlackElo "2369"]
[Annotator "NA"]
[PlyCount "100"]
[EventDate "2019.07.17"]
[EventType "team-tourn"]
[EventCountry "TUR"]
[SourceTitle "playchess.com"]
[Source "ChessBase"]
[SourceQuality "1"]
[TimeControl "40/5400+30:1800+30"]

1. e4 g6 2. d4 Bg7 3. Nc3 d6 4. Nf3 a6 5. Be2 b5 6. a4 b4 7. Nd5 a5 8. O-O e6 9. Nf4 Ne7 10. c3 Na6 11. Bb5+ c6 12. Be2 O-O 13. Be3 c5 14. Re1 Qc7 15. Rc1 Rd8 16. Bc4 bxc3 17. bxc3 h6 18. Nd3 Bb7 19. Bf4 Qc8 20. h4 Nc6 21. d5 exd5 22. exd5 Ncb8 23. Qd2 Kh7 24. Nb2 Nd7 25. Re7 Nb6 26. Rxf7 Rd7 27. Rxd7 Qxd7 28. Bb5 Qg4 29. Be2 Qf5 30. h5 Nxd5 31. hxg6+ Kh8 32. Bxh6 Qxg6 33. Bxg7+ Qxg7 34. Nc4 Rf8 35. Qg5 Nf4 36. Qxg7+ Kxg7 37. Bf1 Bxf3 38. gxf3 d5 39. Nxa5 c4 40. Nc6 Nc5 41. a5 Kf6 42. Ra1 Rg8+ 43. Kh2 Rh8+ 44. Kg1 Nb3 45. Rd1 Rg8+ 46. Kh2 Nxa5 47. Nxa5 Rh8+ 48. Kg1 Rg8+ 49. Kh2 Rh8+ 50. Kg3 Kf5 1/2-1/2

[Event "Turkish Super League 2019"]
[Site "Konya"]
[Date "2019.07.24"]
[Round "8"]
[White "Szczepkowska, Karina"]
[Black "Tsolakidou, Stavroula"]
[Result "0-1"]
[WhiteElo "2425"]
[BlackElo "2423"]
[Annotator "TA"]
[PlyCount "84"]
[EventDate "2019.07.17"]
[EventType "team-tourn"]
[EventCountry "TUR"]
[SourceTitle "playchess.com"]
[Source "ChessBase"]
[SourceQuality "1"]

{[%evp 26,98,54,43,40,25,29,6,14,0,4,0,0,-15,17,29,27,17,11,-15,-6,-2,0,0,0,-24,-12,-17,-14,-25,-17,-56,-58,-82,-66,-116,-114,-122,-76,-93,-85,-112,-95,-163,-152,-158,-158,-183,-82,-71,-77,-291,-306,-507,-448,-441,-433,-403,-402,-500,-492,-539,-532,-557,-514,-614,-607,-466,-383,-962,-956,-859,-893,-29994,-29995]} 1. d4 Nf6 2. c4 e6 3. Nf3 c5 4. d5 d6 5. Nc3 exd5 6. cxd5 g6 7. e4 a6 8. a4 Bg4 9. Be2 Bxf3 10. Bxf3 Nbd7 11. Bf4 Qe7 12. O-O Bg7 13. Re1 O-O 14. a5 Ne8 {A75: Modern Benoni: Classical: 9...a6 10 a4 Bg4} 15. Qc2 Nc7 16. Be2 Rab8 {The position is equal.} 17. Bd2 {[#]} Bd4 $146 ({Predecessor:} 17... b5 18. axb6 Rxb6 19. Nd1 {1-0 (46) Inarkiev,E (2667)-Lupulescu,C (2598) Rijeka 2010}) 18. Bf1 Qf6 19. Be3 (19. Nd1 {is interesting.} Rfe8 20. Ra3 Qe7 21. h3 Nf6 22. Nc3) 19... Rfe8 20. Bxd4 Qxd4 21. Ra4 Qf6 22. Raa1 b5 23. axb6 Rxb6 24. Ra2 Reb8 25. Rea1 Ne5 26. h3 Rb4 27. Qd2 Nb5 28. Nxb5 axb5 29. Qc2 Kg7 30. Kh1 h5 31. Re1 h4 32. Kg1 Qf4 33. Ra6 Rd4 34. Re3 (34. Qc1 $17 Qxc1 35. Rxc1) 34... g5 35. Be2 b4 36. Ra7 Rh8 (36... c4 $19 {has better winning chances.} 37. Ra1 Nd3 $1 {[%mdl 512]} 38. Bxd3 cxd3 39. Rxd3 Qxe4) 37. b3 $17 Rh6 38. Bf1 $2 (38. Ra1 $17) 38... g4 $19 {Hoping for ...gxh3.} 39. Qe2 $2 (39. Ra2 {was the only chance.}) 39... gxh3 40. Rxh3 Rxe4 41. Qb2 {Rf3 is the strong threat.} Rd4 42. Ra2 Rd1 {Played: Rh6-g6} 0-1

[Event "Turkish Super League 2019"]
[Site "Konya"]
[Date "2019.07.24"]
[Round "8"]
[White "Gadimbayli, Abdulla"]
[Black "Saric, Ivan"]
[Result "*"]
[WhiteElo "2414"]
[BlackElo "2681"]
[Annotator "TA"]
[PlyCount "36"]
[EventDate "2019.07.17"]
[EventType "team-tourn"]
[EventCountry "TUR"]
[SourceTitle "playchess.com"]
[Source "ChessBase"]
[SourceQuality "1"]

{[%evp 17,32,20,20,19,12,17,17,18,20,10,8,16,12,-27,-12,-23,-30]} 1. e4 c5 2. Nf3 Nc6 3. Bb5 g6 4. Bxc6 dxc6 5. d3 Bg7 6. h3 Nf6 7. Nc3 O-O 8. Be3 b6 9. Qd2 e5 10. Bh6 {B31: Sicilian: 2...Nc6 3 Bb5 g6} Qd6 11. O-O (11. Bxg7 Kxg7 12. a4 Ne8 13. Nh2 Nc7 14. Ng4 f6 15. f3 Ne6 16. h4 Nd4 17. h5 g5 {½-½ (54) Anand,V (2768)-Carlsen,M (2842) Saint Louis 2018}) 11... Nh5 12. Ne2 {The position is equal.} f6 13. Nh2 a5 {[%cal Ba7a5,Ba5a4][%mdl 32]} 14. Bxg7 Kxg7 15. Ng4 a4 16. Qh6+ Kg8 {Predecessor:} 17. g3 $146 f5 18. exf5 Bxf5 {½-½ (49) Kavcic,Z (2329)-Sebenik,M (2538) Slovenia 2018} *

[Event "Turkish Super League 2019"]
[Site "Konya"]
[Date "2019.07.24"]
[Round "8"]
[White "Gadimbayli, Abdulla"]
[Black "Saric, Ivan"]
[Result "1/2-1/2"]
[WhiteElo "2414"]
[BlackElo "2681"]
[Annotator "TA"]
[PlyCount "70"]
[EventDate "2019.07.17"]
[EventType "team-tourn"]
[EventCountry "TUR"]
[SourceTitle "playchess.com"]
[Source "ChessBase"]
[SourceQuality "1"]

{[%evp 17,70,14,14,15,23,12,13,11,11,6,6,6,6,-27,-2,-15,-11,-26,-10,-10,-14,-40,-19,-34,-21,-17,0,0,0,0,0,0,26,0,0,0,0,0,0,15,50,50,106,0,0,0,0,0,0,0,0,0,0,0,0]} 1. e4 c5 2. Nf3 Nc6 3. Bb5 g6 4. Bxc6 dxc6 5. d3 Bg7 6. h3 Nf6 7. Nc3 O-O 8. Be3 b6 9. Qd2 e5 10. Bh6 {B31: Sicilian: 2...Nc6 3 Bb5 g6} Qd6 11. O-O (11. Bxg7 Kxg7 12. a4 Ne8 13. Nh2 Nc7 14. Ng4 f6 15. f3 Ne6 16. h4 Nd4 17. h5 g5 {½-½ (54) Anand,V (2768)-Carlsen,M (2842) Saint Louis 2018}) 11... Nh5 12. Ne2 f6 13. Nh2 a5 {[%cal Ba7a5,Ba5a4][%mdl 32]} 14. Bxg7 Kxg7 15. Ng4 a4 16. Qh6+ Kg8 17. Rad1 $146 ({Predecessor:} 17. g3 f5 18. exf5 Bxf5 {½-½ (49) Kavcic,Z (2329)-Sebenik,M (2538) Slovenia 2018}) 17... Be6 18. a3 Rad8 19. c3 Qd7 20. f3 Qg7 21. Qe3 Bb3 22. Rd2 f5 23. exf5 gxf5 24. Qxe5 ({Don't blunder} 24. Nxe5 $2 f4 $19) 24... Qg5 25. Qe3 Qg7 $1 26. Qe5 Qg6 27. Nh2 $1 Rde8 (27... Rfe8 $5 28. Qc7 $8 b5 $11) 28. Qc7 Qh6 ({But not} 28... Rf7 $6 29. Qxb6 c4 30. d4 $16) 29. f4 Qe6 {[#]} (29... b5 $14) 30. Rf2 (30. Rf3 $1 $16) 30... Nf6 $1 $11 {[%cal Rf6d5] Strongly threatening ...Nd5.The position is equal.} 31. c4 (31. Nf3 {keeps more tension.} Nd5 32. Qb7 Qh6 33. c4 Rb8 34. Qa6) 31... Nd7 $1 32. Ng3 {Black must now prevent Rfe2.} Rc8 $1 {[%cal Rc8c7]} 33. Qb7 {And now Rde2 would win.} Rb8 34. Qc7 Rbc8 35. Qb7 {[#] Hoping for Rfe2.} Rb8 {Accuracy: White = 54%, Black = 51%.} 1/2-1/2

[Event "Turkish Super League 2019"]
[Site "Konya"]
[Date "2019.07.24"]
[Round "8"]
[White "Yurtseven, Melih"]
[Black "Seyhanoglu, Deniz"]
[Result "1-0"]
[WhiteElo "2381"]
[BlackElo "2115"]
[Annotator "NA"]
[PlyCount "153"]
[EventDate "2019.07.17"]
[EventType "team-tourn"]
[EventCountry "TUR"]
[SourceTitle "playchess.com"]
[Source "ChessBase"]
[SourceQuality "1"]
[TimeControl "40/5400+30:1800+30"]

1. Nf3 c5 2. c4 e6 3. g3 Nc6 4. Bg2 Nf6 5. O-O Be7 6. d4 d5 7. dxc5 Bxc5 8. Qc2 d4 9. Bf4 O-O 10. Ne5 Nxe5 11. Bxe5 Nd7 12. Bf4 e5 13. Bd2 a5 14. Na3 Bxa3 15. bxa3 Qe7 16. Rab1 {[%emt 1:14:00]} Qxa3 {[%emt 1:28:58]} 17. Rb5 {[%emt 0:00:30]} Qd6 {[%emt 0:00:30]} 18. Bxa5 {[%emt 0:00:30]} Re8 {[%emt 0:00:30]} 19. Rfb1 {[%emt 0:00:30]} Nf6 {[%emt 0:00:30]} 20. Bd2 {[%emt 0:00:30]} Qa3 {[%emt 0:00:30]} 21. R1b2 {[%emt 0:00:30]} Qa4 {[%emt 0:00:30]} 22. Qc1 {[%emt 0:00:30]} e4 {[%emt 0:00:30]} 23. Bg5 {[%emt 0:00:30]} Ra6 {[%emt 0:00:30]} 24. Bxf6 {[%emt 0:00:30]} Rxf6 {[%emt 0:00:30]} 25. Rd5 {[%emt 0:00:30]} e3 {[%emt 0:00:30]} 26. f4 {[%emt 0:00:30]} Qa3 {[%emt 0:02:56]} 27. Rxd4 {[%emt 0:07:03]} Rb6 {[%emt 0:00:54]} 28. Rc2 {[%emt 0:00:04]} Qxc1+ {[%emt 0:01:37]} 29. Rxc1 {[%emt 0:00:30]} Rb2 {[%emt 0:00:30]} 30. Bf3 {[%emt 0:00:30]} Rxa2 {[%emt 0:00:30]} 31. Kg2 {[%emt 0:00:51]} Rb2 {[%emt 0:02:00]} 32. c5 {[%emt 0:00:46]} g6 {[%emt 0:00:30]} 33. g4 {[%emt 0:02:38]} Kg7 {[%emt 0:00:35]} 34. Kg3 {[%emt 0:03:24]} Re7 {[%emt 0:00:55]} 35. Rc3 {[%emt 0:02:20]} Bd7 {[%emt 0:01:07]} 36. Rdd3 {[%emt 0:06:54]} Bc6 {[%emt 0:01:37]} 37. g5 {[%emt 0:00:30]} Rb5 {[%emt 0:00:48]} 38. Bxc6 {[%emt 0:02:42]} bxc6 {[%emt 0:00:30]} 39. Kf3 {[%emt 0:00:30]} h6 {[%emt 0:00:30]} 40. h4 {[%emt 0:00:30]} hxg5 {[%emt 0:00:30]} 41. hxg5 {[%emt 0:01:18]} f6 {[%emt 0:13:46]} 42. gxf6+ {[%emt 0:12:45]} Kxf6 {[%emt 0:00:06]} 43. Rd6+ {[%emt 0:01:23]} Kf5 {[%emt 0:09:46]} 44. Rd8 {[%emt 0:00:35]} Kf6 {[%emt 0:04:21]} 45. Rc4 {[%emt 0:01:40]} Re6 {[%emt 0:01:11]} 46. Rd1 {[%emt 0:06:49]} Rb8 {[%emt 0:01:26]} 47. Re4 {[%emt 0:05:32]} Rxe4 {[%emt 0:00:51]} 48. Kxe4 {[%emt 0:00:02]} Re8+ {[%emt 0:02:11]} 49. Kf3 {[%emt 0:00:30]} Re6 {[%emt 0:00:30]} 50. Rd3 {[%emt 0:00:00]} g5 {[%emt 0:00:44]} 51. fxg5+ {[%emt 0:00:53]} Kxg5 {[%emt 0:00:30]} 52. Rxe3 {[%emt 0:00:30]} Rh6 {[%emt 0:00:14]} 53. Ke4 {[%emt 0:02:44]} Kf6 {[%emt 0:00:44]} 54. Rd3 {[%emt 0:00:30]} Ke7 {[%emt 0:00:00]} 55. Kd4 {[%emt 0:01:11]} Rh4+ {[%emt 0:00:18]} 56. e4 {[%emt 0:00:41]} Rh5 {[%emt 0:01:12]} 57. Ra3 {[%emt 0:00:43]} Kd7 {[%emt 0:00:17]} 58. Ra7+ {[%emt 0:00:26]} Kd8 {[%emt 0:00:57]} 59. Rg7 {[%emt 0:00:00]} Kc8 {[%emt 0:00:36]} 60. Rf7 {[%emt 0:00:26]} Kd8 {[%emt 0:00:30]} 61. Rf5 {[%emt 0:00:30]} Rh6 {[%emt 0:00:00]} 62. Rg5 {[%emt 0:00:33]} Kd7 {[%emt 0:00:20]} 63. Rg7+ {[%emt 0:00:30]} Kd8 {[%emt 0:00:06]} 64. Ke5 {[%emt 0:00:17]} Rh5+ {[%emt 0:00:27]} 65. Ke6 {[%emt 0:02:56]} Rh6+ {[%emt 0:00:41]} 66. Kf5 {[%emt 0:00:02]} Rh5+ {[%emt 0:01:35]} 67. Rg5 {[%emt 0:00:04]} Rh6 {[%emt 0:00:14]} 68. e5 {[%emt 0:00:30]} Ke7 {[%emt 0:00:30]} 69. Rg7+ {[%emt 0:00:30]} Kd8 {[%emt 0:00:30]} 70. Rg6 {[%emt 0:00:30]} Rh5+ {[%emt 0:00:30]} 71. Ke6 {[%emt 0:00:30]} Kc7 {[%emt 0:00:28]} 72. Rg7+ {[%emt 0:00:00]} Kc8 {[%emt 0:00:21]} 73. Kd6 {[%emt 0:00:00]} Rh6+ {[%emt 0:00:13]} 74. e6 {[%emt 0:00:00]} Rf6 {[%emt 0:00:19]} 75. Rc7+ {[%emt 0:00:40]} Kd8 {[%emt 0:00:02]} 76. Rxc6 {[%emt 0:00:21]} Rf1 {[%emt 0:00:20]} 77. e7+ {[%emt 0:00:06]} 1-0

[Event "Turkish Super League 2019"]
[Site "Konya"]
[Date "2019.07.24"]
[Round "8"]
[White "Gulbas, Cemil"]
[Black "Gholami, Aryan"]
[Result "1/2-1/2"]
[WhiteElo "2380"]
[BlackElo "2532"]
[Annotator "RC"]
[PlyCount "74"]
[EventDate "2019.07.17"]
[EventType "team-tourn"]
[EventCountry "TUR"]
[SourceTitle "playchess.com"]
[Source "ChessBase"]
[SourceQuality "1"]
[TimeControl "40/5400+30:1800+30"]

1. e4 c5 2. Nf3 e6 3. d4 cxd4 4. Nxd4 a6 5. Bd3 g6 6. Nc3 Bg7 7. Nb3 Ne7 8. h4 h6 9. Qe2 Nbc6 10. Bd2 Qc7 11. f4 b5 12. h5 g5 13. g3 {[%emt 1:29:38]} Bb7 {[%emt 1:08:30]} 14. Rf1 {[%emt 0:00:30]} gxf4 {[%emt 0:00:30]} 15. gxf4 {[%emt 0:00:30]} Nd4 {[%emt 0:00:30]} 16. Nxd4 {[%emt 0:00:30]} Bxd4 {[%emt 0:00:30]} 17. a3 {[%emt 0:00:30]} Qb6 {[%emt 0:00:30]} 18. a4 {[%emt 0:00:30]} b4 {[%emt 0:00:30]} 19. a5 {[%emt 0:00:30]} Qc5 {[%emt 0:00:30]} 20. Nd1 {[%emt 0:00:30]} Nc6 {[%emt 0:00:30]} 21. c3 {[%emt 0:00:30]} bxc3 {[%emt 0:00:30]} 22. bxc3 {[%emt 0:00:30]} Bf6 {[%emt 0:00:30]} 23. Be3 {[%emt 0:00:30]} Bxc3+ {[%emt 0:00:30]} 24. Nxc3 {[%emt 0:00:30]} Qxc3+ {[%emt 0:00:30]} 25. Kf2 {[%emt 0:00:30]} Nb4 {[%emt 0:00:30]} 26. Rad1 {[%emt 0:00:30]} Qf6 {[%emt 0:00:30]} 27. Rh1 {[%emt 0:00:30]} Bc6 {[%emt 0:05:30]} 28. Bb1 {[%emt 0:00:59]} Rb8 {[%emt 0:00:30]} 29. Qd2 {[%emt 0:00:30]} Rg8 {[%emt 0:02:30]} 30. Bd4 {[%emt 0:00:49]} Qd8 {[%emt 0:01:54]} 31. Bc5 {[%emt 0:00:46]} Ba4 {[%emt 0:02:48]} 32. Rdg1 {[%emt 0:02:48]} Rxg1 {[%emt 0:00:30]} 33. Rxg1 {[%emt 0:00:30]} Qh4+ {[%emt 0:00:30]} 34. Ke3 {[%emt 0:01:41]} Qh3+ {[%emt 0:00:36]} 35. Kf2 {[%emt 0:00:30]} Qh4+ {[%emt 0:02:36]} 36. Ke3 {[%emt 0:00:14]} Qh3+ {[%emt 0:00:30]} 37. Kf2 {[%emt 0:00:30]} Qh4+ {[%emt 0:02:28]} 1/2-1/2

[Event "Turkish Super League 2019"]
[Site "Konya"]
[Date "2019.07.24"]
[Round "8"]
[White "Buksa, Nataliya"]
[Black "Osmak, Iulija"]
[Result "0-1"]
[WhiteElo "2379"]
[BlackElo "2395"]
[Annotator "NA"]
[PlyCount "112"]
[EventDate "2019.07.17"]
[EventType "team-tourn"]
[EventCountry "TUR"]
[SourceTitle "playchess.com"]
[Source "ChessBase"]
[SourceQuality "1"]
[TimeControl "40/5400+30:1800+30"]

1. e4 e5 2. Nf3 Nc6 3. Bb5 a6 4. Ba4 b5 5. Bb3 Na5 6. d4 exd4 7. Qxd4 Ne7 8. Bg5 d6 9. Qc3 {[%emt 1:20:08]} Nxb3 {[%emt 1:15:50]} 10. axb3 {[%emt 0:00:30]} Bb7 {[%emt 0:00:30]} 11. Nbd2 {[%emt 0:00:30]} f6 {[%emt 0:00:30]} 12. Be3 {[%emt 0:00:30]} c5 {[%emt 0:00:30]} 13. b4 {[%emt 0:00:30]} cxb4 {[%emt 0:00:30]} 14. Qxb4 {[%emt 0:00:30]} d5 {[%emt 0:00:30]} 15. e5 {[%emt 0:00:30]} Ng6 {[%emt 0:00:30]} 16. Qd4 {[%emt 0:00:30]} Be7 {[%emt 0:00:30]} 17. exf6 {[%emt 0:00:30]} Bxf6 {[%emt 0:00:30]} 18. Qb4 {[%emt 0:00:30]} Ne7 {[%emt 0:00:30]} 19. Nd4 {[%emt 0:00:30]} Bxd4 {[%emt 0:00:30]} 20. Qxd4 {[%emt 0:00:30]} O-O {[%emt 0:00:30]} 21. Qb6 {[%emt 0:00:30]} Qd7 {[%emt 0:00:30]} 22. Nb3 {[%emt 0:00:30]} Rf6 {[%emt 0:00:30]} 23. Nc5 {[%emt 0:00:30]} Rxb6 {[%emt 0:00:30]} 24. Nxd7 {[%emt 0:00:30]} Rg6 {[%emt 0:00:30]} 25. Nc5 {[%emt 0:05:04]} d4 {[%emt 0:01:43]} 26. Nxb7 {[%emt 0:00:30]} dxe3 {[%emt 0:00:00]} 27. fxe3 {[%emt 0:01:03]} Rxg2 {[%emt 0:00:40]} 28. O-O-O {[%emt 0:00:03]} Rf8 {[%emt 0:02:33]} 29. Rd2 {[%emt 0:07:02]} Rff2 {[%emt 0:01:07]} 30. Rxf2 {[%emt 0:00:30]} Rxf2 {[%emt 0:00:30]} 31. Nc5 {[%emt 0:00:30]} a5 {[%emt 0:00:45]} 32. Ne4 {[%emt 0:02:04]} Rg2 {[%emt 0:00:41]} 33. Nd6 {[%emt 0:00:30]} b4 {[%emt 0:01:09]} 34. b3 {[%emt 0:00:21]} g5 {[%emt 0:03:10]} 35. h3 {[%emt 0:00:30]} Nd5 {[%emt 0:03:57]} 36. Nc4 {[%emt 0:00:31]} Kg7 {[%emt 0:00:30]} 37. e4 {[%emt 0:00:30]} Nc3 {[%emt 0:00:30]} 38. e5 {[%emt 0:00:38]} Ne2+ {[%emt 0:02:38]} 39. Kb1 {[%emt 0:00:30]} Rg1+ {[%emt 0:00:30]} 40. Rxg1 {[%emt 0:00:30]} Nxg1 {[%emt 0:00:00]} 41. Nxa5 {[%emt 0:04:06]} Nxh3 {[%emt 0:02:47]} 42. Nc6 {[%emt 0:06:30]} Nf4 {[%emt 0:17:13]} 43. c4 {[%emt 0:11:57]} bxc3 {[%emt 0:02:07]} 44. b4 {[%emt 0:00:30]} Nd5 {[%emt 0:00:30]} 45. b5 {[%emt 0:00:00]} h5 {[%emt 0:05:17]} 46. Nd4 {[%emt 0:00:00]} h4 {[%emt 0:01:17]} 47. Kc2 {[%emt 0:02:58]} Kg6 {[%emt 0:04:07]} 48. e6 {[%emt 0:08:48]} Kf6 {[%emt 0:03:12]} 49. Nf3 {[%emt 0:00:30]} h3 {[%emt 0:00:30]} 50. b6 {[%emt 0:00:30]} Nxb6 {[%emt 0:00:24]} 51. Kxc3 {[%emt 0:00:57]} g4 {[%emt 0:00:30]} 52. e7 {[%emt 0:00:00]} Kxe7 {[%emt 0:01:34]} 53. Nd4 {[%emt 0:00:00]} h2 {[%emt 0:01:15]} 54. Nf5+ {[%emt 0:00:00]} Kf6 {[%emt 0:00:55]} 55. Ng3 {[%emt 0:00:03]} Ke5 {[%emt 0:00:01]} 56. Kd3 {[%emt 0:02:12]} Kf4 {[%emt 0:00:06]} 0-1

[Event "Turkish Super League 2019"]
[Site "Konya"]
[Date "2019.07.24"]
[Round "8"]
[White "Arat, Ufuk Sezen"]
[Black "Rozum, Ivan"]
[Result "0-1"]
[WhiteElo "2376"]
[BlackElo "2583"]
[Annotator "ChessBase"]
[PlyCount "66"]
[EventDate "2019.07.17"]
[EventType "team-tourn"]
[EventCountry "TUR"]
[SourceTitle "playchess.com"]
[Source "ChessBase"]
[SourceQuality "1"]
[TimeControl "40/5400+30:1800+30"]

1. d4 Nf6 2. c4 e6 3. g3 d5 4. Bg2 Bb4+ 5. Bd2 Bd6 6. Nc3 O-O 7. cxd5 exd5 8. Nxd5 Nxd5 9. Bxd5 Be7 10. Be4 Qxd4 11. Qc2 h6 12. Nf3 Qc5 13. Bc3 Nd7 14. Rc1 c6 15. Bh7+ Kh8 16. Bf5 {[%emt 1:27:54]} Kg8 {[%emt 1:14:00]} 17. Nh4 {[%emt 0:00:30]} Bf6 {[%emt 0:00:30]} 18. Bh7+ {[%emt 0:00:30]} Kh8 {[%emt 0:00:30]} 19. Qb1 {[%emt 0:00:30]} Qe7 {[%emt 0:00:30]} 20. Nf5 {[%emt 0:00:30]} Bxc3+ {[%emt 0:00:30]} 21. Rxc3 {[%emt 0:00:30]} Qf6 {[%emt 0:00:30]} 22. Nh4 {[%emt 0:00:30]} Ne5 {[%emt 0:00:30]} 23. f4 {[%emt 0:00:30]} Nd7 {[%emt 0:00:30]} 24. Bf5 {[%emt 0:00:30]} Nb6 {[%emt 0:00:30]} 25. e4 {[%emt 0:00:30]} Re8 {[%emt 0:00:30]} 26. e5 {[%emt 0:00:30]} Nd5 {[%emt 0:00:30]} 27. Rf3 {[%emt 0:00:30]} Nxf4 {[%emt 0:00:30]} 28. Rxf4 {[%emt 0:02:34]} Qxe5+ {[%emt 0:03:30]} 29. Kf2 {[%emt 0:03:00]} g5 {[%emt 0:05:29]} 30. Bxc8 {[%emt 0:02:29]} Qe2+ {[%emt 0:00:47]} 31. Kg1 {[%emt 0:00:30]} gxf4 {[%emt 0:02:27]} 32. Bh3 {[%emt 0:00:44]} Rad8 {[%emt 0:00:35]} 33. Bf1 {[%emt 0:00:45]} Rd1 {[%emt 0:00:30]} 0-1